White-Colored Marvel Heroes by Picture - Statistics

General Stats
  • This quiz has been taken 22 times
  • The average score is 6 of 8
Answer Stats
Picture Answer % Correct
Moon Knight
95%
Emma Frost
89%
Iceman
84%
Sharon Carter
84%
White Tiger
84%
Dazzler
74%
Dagger
63%
White Widow
63%
No matching quizzes found
Score Distribution
Percent of People with Each Score
Percentile by Number Answered
Your Score History
You have not taken this quiz